<?xml version="1.0" encoding="UTF-8"?>
<record
    xmlns:xsi="http://www.w3.org/2001/XMLSchema-instance"
    xsi:schemaLocation="http://www.loc.gov/MARC21/slim http://www.loc.gov/standards/marcxml/schema/MARC21slim.xsd"
    xmlns="http://www.loc.gov/MARC21/slim">

  <leader>01199nam0a22003011  4500</leader>
  <controlfield tag="001">rc\2220085</controlfield>
  <controlfield tag="005">20260407142942.0</controlfield>
  <datafield tag="035" ind1=" " ind2=" ">
    <subfield code="a">(NLR Aleph) 006528411</subfield>
  </datafield>
  <datafield tag="090" ind1=" " ind2=" ">
    <subfield code="a">6506745</subfield>
    <subfield code="c">6506745</subfield>
  </datafield>
  <datafield tag="100" ind1=" " ind2=" ">
    <subfield code="a">20110826d1979    |||y0rusy50      ca</subfield>
  </datafield>
  <datafield tag="101" ind1="0" ind2=" ">
    <subfield code="a">rus</subfield>
  </datafield>
  <datafield tag="102" ind1=" " ind2=" ">
    <subfield code="a">RU</subfield>
  </datafield>
  <datafield tag="105" ind1=" " ind2=" ">
    <subfield code="a">a   z   |||||</subfield>
  </datafield>
  <datafield tag="200" ind1="1" ind2=" ">
    <subfield code="a">&#x420;&#x443;&#x447;&#x43D;&#x44B;&#x435; &#x43F;&#x43D;&#x435;&#x432;&#x43C;&#x430;&#x442;&#x438;&#x447;&#x435;&#x441;&#x43A;&#x438;&#x435; &#x43C;&#x430;&#x448;&#x438;&#x43D;&#x44B; &#x443;&#x434;&#x430;&#x440;&#x43D;&#x43E;&#x433;&#x43E; &#x434;&#x435;&#x439;&#x441;&#x442;&#x432;&#x438;&#x44F;</subfield>
    <subfield code="e">&#x421;&#x431;. &#x43D;&#x430;&#x443;&#x447;. &#x442;&#x440;.</subfield>
    <subfield code="f">&#x410;&#x41D; &#x421;&#x421;&#x421;&#x420;, &#x421;&#x438;&#x431;. &#x43E;&#x442;&#x434;-&#x43D;&#x438;&#x435;, &#x418;&#x43D;-&#x442; &#x433;&#x43E;&#x440;&#x43D;. &#x434;&#x435;&#x43B;&#x430;</subfield>
    <subfield code="g">&#x41E;&#x442;&#x432;. &#x440;&#x435;&#x434;. &#x41D;.&#x410;. &#x41A;&#x43B;&#x443;&#x448;&#x438;&#x43D;</subfield>
  </datafield>
  <datafield tag="210" ind1=" " ind2=" ">
    <subfield code="a">&#x41D;&#x43E;&#x432;&#x43E;&#x441;&#x438;&#x431;&#x438;&#x440;&#x441;&#x43A;</subfield>
    <subfield code="c">&#x418;&#x413;&#x414;</subfield>
    <subfield code="d">1979</subfield>
  </datafield>
  <datafield tag="215" ind1=" " ind2=" ">
    <subfield code="a">117 &#x441;.</subfield>
    <subfield code="c">&#x438;&#x43B;.</subfield>
    <subfield code="d">20</subfield>
  </datafield>
  <datafield tag="320" ind1=" " ind2=" ">
    <subfield code="a">&#x411;&#x438;&#x431;&#x43B;&#x438;&#x43E;&#x433;&#x440;. &#x432; &#x43A;&#x43E;&#x43D;&#x446;&#x435; &#x440;&#x430;&#x431;&#x43E;&#x442;</subfield>
  </datafield>
  <datafield tag="606" ind1=" " ind2=" ">
    <subfield code="a">&#x41E;&#x442;&#x431;&#x43E;&#x439;&#x43D;&#x44B;&#x435; &#x43C;&#x43E;&#x43B;&#x43E;&#x442;&#x43A;&#x438;</subfield>
    <subfield code="j">&#x421;&#x431;&#x43E;&#x440;&#x43D;&#x438;&#x43A;&#x438;</subfield>
    <subfield code="2">psbo</subfield>
  </datafield>
  <datafield tag="686" ind1=" " ind2=" ">
    <subfield code="a">&#x416;605.2&#x44F;43</subfield>
    <subfield code="2">rubbk</subfield>
  </datafield>
  <datafield tag="702" ind1=" " ind2="1">
    <subfield code="a">&#x41A;&#x43B;&#x443;&#x448;&#x438;&#x43D;</subfield>
    <subfield code="b">&#x41D;.&#x410;.</subfield>
    <subfield code="g">&#x41D;&#x438;&#x43A;&#x43E;&#x43B;&#x430;&#x439; &#x410;&#x43B;&#x435;&#x43A;&#x441;&#x430;&#x43D;&#x434;&#x440;&#x43E;&#x432;&#x438;&#x447;</subfield>
    <subfield code="4">340</subfield>
  </datafield>
  <datafield tag="712" ind1="0" ind2="2">
    <subfield code="a">&#x418;&#x43D;&#x441;&#x442;&#x438;&#x442;&#x443;&#x442; &#x433;&#x43E;&#x440;&#x43D;&#x43E;&#x433;&#x43E; &#x434;&#x435;&#x43B;&#x430; &#x438;&#x43C;. &#x41D;. &#x410;. &#x427;&#x438;&#x43D;&#x430;&#x43A;&#x430;&#x43B;&#x430;</subfield>
    <subfield code="c">&#x41D;&#x43E;&#x432;&#x43E;&#x441;&#x438;&#x431;&#x438;&#x440;&#x441;&#x43A;</subfield>
    <subfield code="3">RU\NLR\AUTH\8810014020</subfield>
    <subfield code="9">525940</subfield>
  </datafield>
  <datafield tag="801" ind1=" " ind2="0">
    <subfield code="a">RU</subfield>
    <subfield code="b">NLR</subfield>
    <subfield code="g">psbo</subfield>
  </datafield>
  <datafield tag="801" ind1=" " ind2="1">
    <subfield code="a">RU</subfield>
    <subfield code="b">ELAR</subfield>
    <subfield code="2">rusmarc</subfield>
  </datafield>
  <datafield tag="852" ind1=" " ind2=" ">
    <subfield code="a">NLR</subfield>
    <subfield code="j">80-3/5678</subfield>
  </datafield>
  <datafield tag="899" ind1=" " ind2=" ">
    <subfield code="a">RuMoRGB</subfield>
    <subfield code="j">&#x411; 80-15/469</subfield>
  </datafield>
  <datafield tag="899" ind1=" " ind2=" ">
    <subfield code="a">RuMoRGB</subfield>
    <subfield code="j">&#x411; 80-15/470</subfield>
  </datafield>
  <datafield tag="942" ind1=" " ind2=" ">
    <subfield code="c">BOOK</subfield>
  </datafield>
  <datafield tag="980" ind1=" " ind2=" ">
    <subfield code="a">NB</subfield>
  </datafield>
  <datafield tag="995" ind1=" " ind2=" ">
    <subfield code="5">2013-10-26</subfield>
    <subfield code="b">NLR01</subfield>
    <subfield code="c">NLR01</subfield>
    <subfield code="e">RF9</subfield>
    <subfield code="f">6528411-20</subfield>
    <subfield code="k">80-3/5678</subfield>
    <subfield code="o">0</subfield>
    <subfield code="r">BOOK</subfield>
    <subfield code="s">8035678_</subfield>
  </datafield>
</record>
